LEADER 03525nam 22007332 450 001 9910827666303321 005 20151005020622.0 010 $a1-139-79325-X 010 $a1-316-08769-7 010 $a1-107-25349-7 010 $a1-139-77583-9 010 $a1-139-77887-0 010 $a0-511-77836-8 010 $a1-139-78186-3 010 $a1-283-71573-2 010 $a1-139-77735-1 035 $a(CKB)2550000000708247 035 $a(EBL)1042416 035 $a(OCoLC)818817513 035 $a(SSID)ssj0000710824 035 $a(PQKBManifestationID)11418445 035 $a(PQKBTitleCode)TC0000710824 035 $a(PQKBWorkID)10672824 035 $a(PQKB)10214978 035 $a(UkCbUP)CR9780511778360 035 $a(Au-PeEL)EBL1042416 035 $a(CaPaEBR)ebr10618618 035 $a(CaONFJC)MIL402823 035 $a(MiAaPQ)EBC1042416 035 $a(PPN)261314335 035 $a(EXLCZ)992550000000708247 100 $a20100519d2010|||| uy| 0 101 0 $aeng 135 $aur||||||||||| 181 $ctxt$2rdacontent 182 $cc$2rdamedia 183 $acr$2rdacarrier 200 10$aDogs $edomestication and the development of a social bond /$fDarcy F. Morey$b[electronic resource] 210 1$aCambridge :$cCambridge University Press,$d2010. 215 $a1 online resource (xxiv, 356 pages) $cdigital, PDF file(s) 300 $aTitle from publisher's bibliographic system (viewed on 05 Oct 2015). 311 $a0-521-76006-2 311 $a0-521-75743-6 320 $aIncludes bibliographical references (p. 273-347) and index. 327 $aPreamble to the dog's journey through time -- Immediate ancestry -- Evidence of dog domestication and its timing : morphological and contextual indications -- Domestication of dogs and other organisms -- The roles of dogs in past human societies -- Dogs of the Arctic, the Far North -- The burial of dogs, and what dog burials mean -- Why the social bond between dogs and people? -- Other human-like capabilities of dogs -- Roles of dogs in recent times -- Epilogue : one dog's journey. 330 $aThis book traces the evolution of the dog, from its origins about 15,000 years ago up to recent times. The timing of dog domestication receives attention, with comparisons between different genetics-based models and archaeological evidence. Allometric patterns between dogs and their ancestors, wolves, shed light on the nature of the morphological changes that dogs underwent. Dog burials highlight a unifying theme of the whole book: the development of a distinctive social bond between dogs and people; the book also explores why dogs and people relate so well to each other. Though cosmopolitan in overall scope, the greatest emphasis is on the New World, with an entire chapter devoted to dogs of the arctic regions, mostly in the New World. Discussion of several distinctive modern roles of dogs underscores the social bond between dogs and people. 606 $aDogs$xHistory 606 $aDogs$xEvolution 606 $aDogs$xBehavior 606 $aHuman-animal relationships$xHistory 606 $aDomestication 615 0$aDogs$xHistory. 615 0$aDogs$xEvolution. 615 0$aDogs$xBehavior. 615 0$aHuman-animal relationships$xHistory. 615 0$aDomestication. 676 $a636.709 700 $aMorey$b Darcy$f1956-$01719177 801 0$bUkCbUP 801 1$bUkCbUP 906 $aBOOK 912 $a9910827666303321 996 $aDogs$94116761 997 $aUNINA LEADER 02067nam 2200469 450 001 9910829174603321 005 20200123091139.0 010 $a2-8062-6144-9 035 $a(CKB)3710000000401440 035 $a(EBL)2030148 035 $a(Au-PeEL)EBL2030148 035 $a(OCoLC)904408750 035 $a(MiAaPQ)EBC2030148 035 $a(PPN)233409289 035 $a(EXLCZ)993710000000401440 100 $a20200123d2014 uy 0 101 0 $afre 135 $aur|n|---||||| 181 $ctxt$2rdacontent 182 $cc$2rdamedia 183 $acr$2rdacarrier 200 10$aComment ge?rer le stress au travail ? $eles conseils a? connai?tre pour s'en sortir /$fpar Ge?raldine de Radigue?s 210 1$a[Place of publication not identified] :$c50Minutes,$d[2014] 210 4$d©2014 215 $a1 online resource (33 p.) 225 0 $aCoaching pro ;$vNume?ro 2 300 $aDescription based upon print version of record. 311 $a2-8062-6145-7 327 $aPage de titre; Comment gérer le stress au travail ?; B.a.-ba du travailleur stressé; Qu'est-ce que le stress ?; La fuite; La lutte; L'inertie; Le stress, indicateur des limites personnelles; Dépasser le stress pour être soi; Passer de la survie à plus de créativité; La relation action-réaction; Le cloisonnement; De la survie à la créativité; Le stress en entreprise; Le contexte social; Les symptômes du stress au travail; Top conseils; FAQ; À quoi sert le stress ?; Comment reconnaître le stress ?; Que cache le stress ?; Comment vivre aux côtés d'un collègue stressé ? 327 $aComment évacuer le stress ?En résumé; Pour aller plus loin; Copyright 410 0$aCoaching 606 $aJob stress 615 0$aJob stress. 676 $a158.72 700 $aRadigue?s$b Ge?raldine de$01650804 801 0$bMiAaPQ 801 1$bMiAaPQ 801 2$bMiAaPQ 906 $aBOOK 912 $a9910829174603321 996 $aComment ge?rer le stress au travail$94000384 997 $aUNINA